The influence of Tok Kenali on literature in Kelantan and neighbouring countries /
Saved in:
| Main Author: | |
|---|---|
| Format: | Thesis |
| Language: | English |
| Published: |
Leeds, England :
University of Leeds,
1997
|
| Subjects: | |
| Tags: |
Add Tag
No Tags, Be the first to tag this record!
|
| LEADER | 010680000a22002770004500 | ||
|---|---|---|---|
| 001 | 147654 | ||
| 005 | 20001103104800.0 | ||
| 008 | 990405s1997 my a g 0 0 eng d | ||
| 035 | |a (Sirsi) 147654 | ||
| 040 | |a UIAM |b eng | ||
| 043 | |a a-my--- | ||
| 049 | |b m | ||
| 050 | |a PL5104 | ||
| 100 | 0 | |a Adli Yaacob | |
| 245 | 1 | 4 | |a The influence of Tok Kenali on literature in Kelantan and neighbouring countries / |c by Adli Yaacob |
| 260 | 1 | |a Leeds, England : |b University of Leeds, |c 1997 | |
| 300 | |a xiii, 111 p . : |b ill., maps ; |c 29 cm. | ||
| 502 | |a (M.A.)--The University of Leeds, Department of Arabic and Middle Eastern Studies, 1997. | ||
| 504 | |a Includes bibliographical references (p. 109-111). | ||
| 596 | |a 1 | ||
| 650 | 0 | |a Malay literature |x Islamic influences | |
| 650 | 0 | |a Islamic literature |z Malaysia Kelantan | |
| 650 | 0 | |a Malay literature |z Malaysia Kelantan | |
| 900 | |a asm-nmh-naw | ||
| 999 | |c 431010 |d 462501 | ||
| 952 | |0 0 |6 T PL 005104 A237I 1997 |7 0 |8 THESES |9 750674 |a IIUM |b IIUM |c MULTIMEDIA |g 0.00 |o t PL5104A237I 1997 |p 00000551292 |r 2017-10-20 |t 1 |v 0.00 |y THESIS | ||
